000
00320nam a2200121Ia 4500
008
191201s2012 xx 000 0 und d
100
_a
KHANNA, OP
245
0
_a
Industrial Engineering and Management
250
_a
17th Rep
260
_c
2012
_b
Dhanpat Rai Pubns (P) Ltd
_a
NEW DELHI
300
_a
mics.
942
_2
ddc
_c
BK
_0
1
999
_c
7998
_d
7998